| 000 | 00820 a2200253 4500 | ||
|---|---|---|---|
| 999 |
_c11393 _d11393 |
||
| 020 | _a9780702071560 | ||
| 050 |
_aQR 46 _bGOE 2019 |
||
| 100 |
_aGoering ,Richard V _eauthor |
||
| 245 |
_aMims' Medical Microbiology And Immunology / _cRichard V.Goering,Hazel M.Dockrell,Mark Zuckerman and Peter L.Chiodini |
||
| 250 | _asixth | ||
| 264 |
_aNew York: _bElsevier, _c2019 |
||
| 300 |
_a552 pages _billustrations |
||
| 336 |
_2rdacontent _atext _btxt |
||
| 337 |
_2rdamedia _aunmediated _bn |
||
| 338 |
_2rdcarrier _avolume _bnc |
||
| 500 | _aincludes index | ||
| 650 | _ainfection-microbiology | ||
| 650 | _acommunicable diseases | ||
| 650 | _aimmune system | ||
| 700 |
_aDockrell,Hazel M _eauthor |
||
| 700 |
_aZuckerman, Mark _eauthor |
||
| 700 |
_aChiodini ,Peter L _eauthor |
||
| 942 |
_2lcc _cBK _esixth _h46 _iGOE _kQR |
||